Martin Sitcom Quiz Stats

 Plays Quiz not verified by Sporcle

Challenge
Share
Tweet
Embed
Score 0/10 Timer 10:00
0 Plays Today
Description Character % Correct
Won Player of The YearJerome
89.1%
Olny 10 years old, but he has a desperate crush on Gina.Roscoe
80.2%
Often seen on the tough urban streets of the ghetto trying to sell questionable black-market goodsHustle Man
71.9%
He is constantly bragging about his law enforcement abilities.Otis
69.8%
Lives on the 5th FloorBro Man
63.5%
A Black man who is all into Karate but has no skills. Dragon Fly Jones
51%
Gina's annoying Co-WorkerBob
51%
Wants to be a famous r&b singer, but he can't sing worth beans.Elroy
29.2%
Lives across the hall from MartinSheneneh Jenkins
24.5%
A sassy senior citizen that doesn't tolerate disrespect from youngsters.Ms. Geri
21.9%

You're not logged in!

Compare scores with friends on all Sporcle quizzes.
Join for Free
OR
Log In

You Might Also Like...

Show Comments

Extras

Top Quizzes Today


Score Distribution

Your Account Isn't Verified!

In order to create a playlist on Sporcle, you need to verify the email address you used during registration. Go to your Sporcle Settings to finish the process.

Report this User

Report this user for behavior that violates our Community Guidelines.

Details: